[Event "Logumkloster op"]
[Site "Logumkloster"]
[Date "2022.03.22"]
[Round "2"]
[White "Baltzer, Emil"]
[Black "Hansen, Hans Valdemar"]
[Result "0-1"]
[WhiteElo "1533"]
[BlackElo "1899"]
[PlyCount "62"]
[EventDate "2022.03.22"]
[EventType "swiss"]
[EventRounds "7"]
[EventCountry "DEN"]
[SourceTitle "EXT 2024"]
[Source "ChessBase"]
[SourceDate "2023.10.10"]
[SourceVersion "1"]
[SourceVersionDate "2023.10.10"]
[SourceQuality "1"]

1. e4 e5 2. Nf3 Nc6 3. Bb5 Bc5 4. c3 Nf6 5. d3 d6 6. h3 0-0 7. 0-0 Ne7 8. Bg5 c6 9. Bxf6 gxf6 10. Ba4 Kh8 11. d4 Bb6 12. dxe5 fxe5 13. Nbd2 Bc7 14. Nh2 Ng6 15. Ng4 Nf4 16. Nf3 Rg8 17. Kh2 Bxg4 18. hxg4 Rxg4 19. g3 Qf6 20. Rh1 Rag8 21. Kg1 Rxg3+ 22. fxg3 Rxg3+ 23. Kf2 Bb6+ 24. Kxg3 Qg6+ 25. Ng5 Qxg5+ 26. Qg4 Ne2+ 27. Kh3 Qe3+ 28. Kh4 Qh6+ 29. Qh5 Bd8+ 30. Kg4 Qf4+ 31. Kh3 Qg3# 0-1

[Event "DEN-ch Seniors 50+"]
[Site "Logumkloster"]
[Date "2021.06.03"]
[Round "5"]
[White "Andersen, Morten"]
[Black "Hansen, Hans Valdemar"]
[Result "0-1"]
[WhiteElo "2194"]
[BlackElo "1838"]
[PlyCount "122"]
[EventDate "2021.05.30"]
[EventType "swiss"]
[EventRounds "7"]
[EventCountry "DEN"]
[SourceTitle "CBM 203 Extra"]
[Source "ChessBase"]
[SourceDate "2021.09.30"]
[SourceVersion "1"]
[SourceVersionDate "2021.09.30"]
[SourceQuality "1"]

1. d4 g6 2. c4 d6 3. Nf3 Bg7 4. Nc3 Nc6 5. d5 Ne5 6. Nd2 Nf6 7. g3 0-0 8. Bg2 e6 9. 0-0 exd5 10. cxd5 Re8 11. h3 a6 12. f4 Ned7 13. e4 Nc5 14. Qf3 b5 15. a3 Rb8 16. Re1 b4 17. axb4 Rxb4 18. g4 Rd4 19. Re2 Rd3 20. Qf1 Nxg4 21. Nf3 Nh6 22. Ra3 Bxc3 23. bxc3 f5 24. e5 Ne4 25. Rc2 Rxd5 26. c4 Rc5 27. Be3 Rc6 28. Ng5 dxe5 29. Nxe4 fxe4 30. Bxe4 Rf6 31. Rf2 Nf5 32. Rd3 Qe7 33. Bd5+ Kg7 34. fxe5 Qxe5 35. Bf4 Qe7 36. Bg5 h6 37. Bxf6+ Qxf6 38. Rdf3 c6 39. Rxf5 Bxf5 40. Bg2 c5 41. Ra2 Qd4+ 42. Kh2 Bd3 43. Qc1 Qe5+ 44. Kg1 Qd4+ 45. Kh2 Bxc4 46. Rd2 Qe5+ 47. Kg1 Bb5 48. Qb2 c4 49. Qxe5+ Rxe5 50. Rc2 Rc5 51. Rc3 Kf6 52. Kf2 Re5 53. Bf1 Re4 54. Bg2 Rd4 55. Bf1 Ke5 56. Ke3 Re4+ 57. Kd2 Kd4 58. h4 Rxh4 59. Rf3 c3+ 60. Kc1 Rh1 61. Kc2 Rxf1 0-1

[Event "DEN-ch Seniors 50+"]
[Site "Logumkloster"]
[Date "2021.06.02"]
[Round "4"]
[White "Hansen, Hans Valdemar"]
[Black "Schoning, Lars"]
[Result "1-0"]
[WhiteElo "1838"]
[BlackElo "1977"]
[PlyCount "65"]
[EventDate "2021.05.30"]
[EventType "swiss"]
[EventRounds "7"]
[EventCountry "DEN"]
[SourceTitle "CBM 203 Extra"]
[Source "ChessBase"]
[SourceDate "2021.09.30"]
[SourceVersion "1"]
[SourceVersionDate "2021.09.30"]
[SourceQuality "1"]

1. e4 c5 2. Nf3 d6 3. d4 cxd4 4. Nxd4 Nf6 5. Nc3 a6 6. Be2 e6 7. 0-0 Be7 8. Be3 Nc6 9. Nxc6 bxc6 10. Bd3 e5 11. h3 0-0 12. f4 exf4 13. Rxf4 Nd7 14. Qd2 Bg5 15. Rf2 Bxe3 16. Qxe3 Ne5 17. Be2 Qe7 18. b3 Be6 19. Rd1 Rfd8 20. Qg3 Ra7 21. Na4 a5 22. c4 Qc7 23. Bf1 Rd7 24. Rfd2 Ra8 25. c5 Rb8 26. Rxd6 Rxd6 27. Rxd6 Ng6 28. Kh2 Re8 29. Bd3 Nf8 30. Nb6 Re7 31. Rd4 Qxg3+ 32. Kxg3 f6 33. Ra4 1-0

[Event "Denmark Border op"]
[Site "Denmark"]
[Date "2020.10.31"]
[Round "3"]
[White "Hansen, Hans Valdemar"]
[Black "Heinemann, Guido"]
[Result "1-0"]
[WhiteElo "1822"]
[BlackElo "1856"]
[PlyCount "107"]
[EventDate "2020.10.08"]
[EventType "swiss"]
[EventRounds "7"]
[EventCountry "DEN"]
[SourceTitle "EXT 2024"]
[Source "ChessBase"]
[SourceDate "2023.10.10"]
[SourceVersion "1"]
[SourceVersionDate "2023.10.10"]
[SourceQuality "1"]

1. e4 e5 2. Nf3 Nc6 3. Bc4 f5 4. d3 Nf6 5. Ng5 d5 6. exd5 Na5 7. Bb5+ c6 8. dxc6 Nxc6 9. Bc4 Qb6 10. Bf7+ Kd8 11. c3 h6 12. Nf3 Bc5 13. 0-0 Ke7 14. Bg6 Rd8 15. b4 Bxf2+ 16. Rxf2 Ne4 17. d4 Nxf2 18. Kxf2 Kf6 19. Bh5 exd4 20. cxd4 Qxb4 21. Qb3 Be6 22. Qxb4 Nxb4 23. Ne1 Rac8 24. Be3 Nc2 25. Nxc2 Rxc2+ 26. Nd2 Rxa2 27. Rb1 g5 28. Ke1 Ra3 29. Bf2 b6 30. Bf3 Rc8 31. d5 Bd7 32. Bd4+ Ke7 33. Be2 Ra4 34. Bf2 Rc3 35. Rd1 Ra2 36. d6+ Kd8 37. Bd4 Rc6 38. Bf6+ Kc8 39. Be7 Rcc2 40. Bc4 Ra3 41. Bf6 b5 42. Be2 Re3 43. Kf2 f4 44. Bg7 Re6 45. Bf8 Rf6 46. Be7 Rf7 47. Bd3 Rb2 48. Rc1+ Kb8 49. Ke1 g4 50. Be4 f3 51. gxf3 gxf3 52. Nxf3 Rf4 53. Bd5 Bg4 54. d7 1-0

[Event "Denmark Border op"]
[Site "Denmark"]
[Date "2020.10.08"]
[Round "1"]
[White "Soerensen, Helge"]
[Black "Hansen, Hans Valdemar"]
[Result "0-1"]
[WhiteElo "1659"]
[BlackElo "1822"]
[PlyCount "66"]
[EventDate "2020.10.08"]
[EventType "swiss"]
[EventRounds "7"]
[EventCountry "DEN"]
[SourceTitle "EXT 2024"]
[Source "ChessBase"]
[SourceDate "2023.10.10"]
[SourceVersion "1"]
[SourceVersionDate "2023.10.10"]
[SourceQuality "1"]

1. e4 c5 2. Nf3 Nc6 3. Nc3 e6 4. d4 cxd4 5. Nxd4 Nf6 6. Be3 Bb4 7. f3 Bxc3+ 8. bxc3 0-0 9. Qd2 d5 10. exd5 Nxd5 11. Nxc6 bxc6 12. Bc5 Re8 13. Bd3 Qh4+ 14. Bf2 Qf6 15. 0-0 Qxc3 16. Qg5 h6 17. Qh4 e5 18. g4 Nf4 19. Be4 Ba6 20. Rfe1 Be2 21. g5 Bxf3 22. Qg3 Qxa1 23. Qxf3 Qxa2 24. Bxc6 Rac8 25. Bxe8 Rxe8 26. Bd4 Qxc2 27. gxh6 Qg6+ 28. Kh1 Nd3 29. Rg1 Qxh6 30. Bxa7 e4 31. Qg3 e3 32. Bd4 Qc6+ 33. Rg2 Nf2+ 0-1

[Event "DEN-ch Seniors 50"]
[Site "Logumkloster"]
[Date "2020.02.11"]
[Round "3"]
[White "Hein, Jacob"]
[Black "Hansen, Hans Valdemar"]
[Result "0-1"]
[WhiteElo "1418"]
[BlackElo "1801"]
[PlyCount "94"]
[EventDate "2020.02.09"]
[EventType "swiss"]
[EventRounds "7"]
[EventCountry "DEN"]
[SourceTitle "EXT 2021"]
[Source "ChessBase"]
[SourceDate "2020.10.23"]
[SourceVersion "1"]
[SourceVersionDate "2020.10.23"]
[SourceQuality "1"]

1. d4 g6 2. e4 Bg7 3. Bc4 d6 4. Qf3 e6 5. c3 c6 6. h4 h5 7. Bg5 Qb6 8. Bb3 a5 9. Qe2 a4 10. Bd1 Qc7 11. Nf3 b5 12. Na3 f6 13. Bd2 Ba6 14. Nc2 b4 15. c4 c5 16. 0-0 Nd7 17. Rc1 Ne7 18. Bf4 e5 19. dxe5 dxe5 20. Be3 0-0 21. b3 axb3 22. axb3 Bb7 23. Nd2 Nc6 24. Qf3 Nd4 25. Qg3 Kh7 26. f4 Ra2 27. Ra1 Rxc2 28. Bxc2 Ne2+ 29. Kh2 Nxg3 30. Kxg3 exf4+ 31. Bxf4 Ne5 32. Nf3 Bh6 33. Bxe5 fxe5 34. Ng5+ Bxg5 35. Rxf8 Bf4+ 36. Kf3 Kg7 37. Re8 Qd7 38. Rd1 Qxe8 39. g3 Bh6 40. g4 hxg4+ 41. Kxg4 Bc8+ 42. Kf3 Qf7+ 43. Kg2 Qf4 44. Rd8 Bg4 45. Bd1 Qxe4+ 46. Kg3 Bf4+ 47. Kxg4 Qg2# 0-1

[Event "Grenzturnering 10th"]
[Site "Leck,Tonder,Niebuell,Logumklo"]
[Date "2019.11.25"]
[Round "4"]
[White "Hansen, Dirk"]
[Black "Hansen, Hans Valdemar"]
[Result "0-1"]
[WhiteElo "1818"]
[BlackElo "1745"]
[PlyCount "76"]
[EventDate "2019.09.20"]
[EventType "swiss"]
[EventRounds "9"]
[EventCountry "DEN"]
[SourceTitle "EXT 2021"]
[Source "ChessBase"]
[SourceDate "2020.10.23"]
[SourceVersion "1"]
[SourceVersionDate "2020.10.23"]
[SourceQuality "1"]

1. d4 d5 2. e4 e6 3. e5 c5 4. c3 Nc6 5. Nf3 cxd4 6. cxd4 Nge7 7. Nc3 Nf5 8. Be2 Qb6 9. Na4 Bb4+ 10. Bd2 Qa5 11. Bc3 b5 12. a3 Bxc3+ 13. Nxc3 a6 14. g4 Nfe7 15. 0-0 0-0 16. Bd3 Qb6 17. b4 Ng6 18. Ne2 Bb7 19. h4 f6 20. h5 Nge7 21. exf6 Rxf6 22. Ng5 h6 23. Nh7 Rf3 24. Kg2 Rxd3 25. Qxd3 e5 26. Ng5 hxg5 27. Qd2 Nxd4 28. Nxd4 Qxd4 29. Qxg5 Re8 30. Rad1 Qc3 31. Rc1 d4+ 32. f3 Qe3 33. Qxe3 dxe3 34. Rce1 Nd5 35. Kg3 Rc8 36. Rh1 Rc3 37. g5 Nf4 38. Rc1 Ne2+ 0-1

[Event "Logumkloster op"]
[Site "Logumkloster"]
[Date "2019.05.28"]
[Round "7"]
[White "Karstensen, Christian"]
[Black "Hansen, Hans Valdemar"]
[Result "1-0"]
[WhiteElo "1960"]
[BlackElo "1772"]
[PlyCount "97"]
[EventDate "2019.03.26"]
[EventType "swiss"]
[EventRounds "7"]
[EventCountry "DEN"]
[SourceTitle "EXT 2020"]
[Source "ChessBase"]
[SourceDate "2019.10.17"]
[SourceVersion "1"]
[SourceVersionDate "2019.10.17"]
[SourceQuality "1"]

1. e4 c5 2. Nc3 Nc6 3. g3 g6 4. Bg2 Bg7 5. Nge2 d6 6. 0-0 e6 7. d3 Nge7 8. Be3 0-0 9. d4 cxd4 10. Nxd4 a6 11. Rb1 e5 12. Nde2 Be6 13. Nd5 Bxd5 14. exd5 Nb8 15. c4 Nf5 16. Bd2 Qc7 17. b3 h5 18. Rc1 Nd7 19. Bh3 Nf6 20. Bxf5 gxf5 21. Nc3 Kh7 22. Bg5 Kg6 23. h4 Ng4 24. Kg2 f4 25. gxf4 f6 26. f5+ Kf7 27. Bd2 Rg8 28. Kh1 Qd7 29. Qf3 Ke7 30. Ne4 Rad8 31. Bb4 Bh6 32. Nxd6 Bxc1 33. Rxc1 Rb8 34. Ne4+ Kd8 35. c5 Qb5 36. Rc4 Qd7 37. Ng3 Qg7 38. c6 Rc8 39. Ba5+ Ke8 40. Ne4 Ne3 41. Rc1 Ng2 42. Nd6+ Ke7 43. Nxc8+ Rxc8 44. Qxg2 Qh6 45. Rg1 Qf4 46. Qg7+ Kd6 47. Qxf6+ Kc5 48. cxb7 Qe4+ 49. Rg2 1-0

[Event "Grenzturnering Master 1516"]
[Site "Denmark"]
[Date "2016.01.11"]
[Round "4"]
[White "Isler, Benjamin"]
[Black "Hansen, Hans Valdemar"]
[Result "0-1"]
[WhiteElo "1651"]
[BlackElo "1812"]
[PlyCount "36"]
[EventDate "2015.10.20"]
[EventType "tourn"]
[EventRounds "9"]
[EventCountry "DEN"]
[SourceTitle "EXT 2023"]
[Source "ChessBase"]
[SourceDate "2022.10.05"]
[SourceVersion "1"]
[SourceVersionDate "2022.10.05"]
[SourceQuality "1"]

1. e4 c5 2. Nf3 Nc6 3. d4 cxd4 4. Nxd4 e5 5. Nb3 Nf6 6. Nc3 Bb4 7. Bd3 0-0 8. Bd2 d5 9. Qf3 d4 10. Nd5 Bxd2+ 11. Kxd2 Nxd5 12. exd5 Qg5+ 13. Ke1 Nb4 14. Be4 f5 15. Bd3 e4 16. Bxe4 fxe4 17. Qxe4 Bf5 18. Qf3 Nxc2+ 0-1

[Event "Tonder Byturnering A"]
[Site "Tonder"]
[Date "2015.??.??"]
[Round "4"]
[White "Hansen, Hans Valdemar"]
[Black "Falsig, Niels"]
[Result "0-1"]
[WhiteElo "1000"]
[BlackElo "1942"]
[PlyCount "64"]
[EventDate "2015.??.??"]
[EventType "swiss"]
[EventRounds "4"]
[EventCountry "DEN"]
[SourceTitle "EXT 2024"]
[Source "ChessBase"]
[SourceDate "2023.10.10"]
[SourceVersion "1"]
[SourceVersionDate "2023.10.10"]
[SourceQuality "1"]

1. e4 d5 2. exd5 Nf6 3. c4 c6 4. dxc6 Nxc6 5. Nf3 Bg4 6. Be2 e5 7. d3 Bb4+ 8. Bd2 0-0 9. Bxb4 Nxb4 10. a3 Bxf3 11. gxf3 Nc6 12. Qd2 Nd4 13. Bd1 Nh5 14. Nc3 Nf4 15. Ne4 f5 16. Ng3 Qd6 17. b4 Rad8 18. h4 Nde6 19. 0-0 Nxd3 20. Bb3 Qe7 21. c5 Kh8 22. Bxe6 Qxe6 23. Qg5 Nf4 24. Kh2 h6 25. Qxd8 Rxd8 26. Rfd1 Rxd1 27. Rxd1 Qf6 28. Kg1 Qxh4 29. Kf1 Qh3+ 30. Ke1 e4 31. b5 Nd3+ 32. Ke2 Nxc5 0-1

[Event "Logumkloster-chA"]
[Site "Logumkloster"]
[Date "2012.04.10"]
[Round "2"]
[White "Hansen, Hans Valdemar"]
[Black "Baagoe, Hans Chr"]
[Result "1/2-1/2"]
[WhiteElo "1882"]
[BlackElo "1648"]
[PlyCount "116"]
[EventDate "2012.03.27"]
[EventType "tourn"]
[EventRounds "5"]
[EventCountry "DEN"]
[SourceTitle "EXT 2023"]
[Source "ChessBase"]
[SourceDate "2022.10.05"]
[SourceVersion "1"]
[SourceVersionDate "2022.10.05"]
[SourceQuality "1"]

1. e4 c5 2. Nf3 a6 3. Bc4 e6 4. a4 h6 5. Nc3 Nc6 6. 0-0 d6 7. d3 Be7 8. Bf4 Bf6 9. Qd2 e5 10. Bg3 Bg4 11. Ne1 Bh5 12. Nd5 Nd4 13. f3 Bg5 14. Qd1 Nf6 15. c3 Nc6 16. Bf2 Rb8 17. g4 Bg6 18. h4 Bf4 19. Nxf4 exf4 20. Ng2 b5 21. axb5 axb5 22. Bb3 h5 23. g5 Nh7 24. Nxf4 Nxg5 25. Nxg6 Nh3+ 26. Kg2 Nxf2 27. Kxf2 fxg6 28. Rh1 Rf8 29. d4 Qf6 30. Bd5 Ne7 31. Ra8 Rxa8 32. Bxa8 cxd4 33. cxd4 Kd7 34. Bb7 g5 35. Qe2 Qxd4+ 36. Kg2 Qe5 37. Bd5 Nxd5 38. Qxb5+ Ke7 39. exd5 gxh4 40. Qb7+ Kf6 41. Qb3 Qe2+ 42. Kh3 Qf2 43. f4 Qxf4 44. Qc3+ Ke7 45. Re1+ Kd8 46. Qa5+ Kd7 47. Qa7+ Kc8 48. Qa8+ Kd7 49. Qb7+ Kd8 50. Qe7+ Kc8 51. Rc1+ Qxc1 52. Qxf8+ Kb7 53. Qxg7+ Ka6 54. Qg2 Qf4 55. Qe2+ Kb6 56. Qd3 Qg4+ 57. Kh2 Qf4+ 58. Kg2 Qg4+ 1/2-1/2

[Event "Logumkloster-ch Basis 1"]
[Site "Logumkloster"]
[Date "2010.04.13"]
[Round "1"]
[White "Baagoe, Hans Chr"]
[Black "Hansen, Hans Valdemar"]
[Result "0-1"]
[WhiteElo "1653"]
[BlackElo "1906"]
[PlyCount "146"]
[EventDate "2010.04.13"]
[EventType "tourn"]
[EventRounds "5"]
[EventCountry "DEN"]
[SourceTitle "EXT 2023"]
[Source "ChessBase"]
[SourceDate "2022.10.05"]
[SourceVersion "1"]
[SourceVersionDate "2022.10.05"]
[SourceQuality "1"]

1. d4 d5 2. c4 e6 3. a3 c6 4. cxd5 exd5 5. h3 Nf6 6. Nc3 Bd6 7. Nf3 0-0 8. Bg5 h6 9. Bxf6 Qxf6 10. e3 Re8 11. Bd3 Be6 12. b4 b6 13. Bc2 c5 14. Nb5 Bd7 15. Nxd6 Qxd6 16. bxc5 bxc5 17. 0-0 c4 18. Ne5 Bc8 19. Qf3 f6 20. Qh5 Re7 21. Ng6 Rf7 22. Nf4 f5 23. Qf3 Bb7 24. Rfb1 Bc6 25. Nh5 g6 26. Ng3 Nd7 27. Ne2 Nf6 28. Qg3 Qxg3 29. Nxg3 h5 30. Rb4 Rc8 31. Rab1 Kg7 32. Bxf5 gxf5 33. Nxf5+ Kg6 34. Nd6 Rfc7 35. Nxc8 Rxc8 36. Rb8 Rc7 37. f3 c3 38. Rc1 Bd7 39. Kf2 a6 40. Rb6 Bb5 41. a4 Bxa4 42. Rxa6 Bd7 43. Ra3 c2 44. Ke2 h4 45. Kd2 Bf5 46. Ra5 Rb7 47. Rc5 Rb2 48. Rc6 Kf7 49. Rc5 Ke6 50. Rc6+ Ke7 51. Rc7+ Nd7 52. Rc6 Nb6 53. Rc5 Nc4+ 54. Rxc4 dxc4 55. e4 Bd7 56. Rxc2 Rxc2+ 57. Kxc2 Kf6 58. Kc3 Bb5 59. f4 Ke6 60. d5+ Kd6 61. Kd4 Ba6 62. f5 c3 63. e5+ Ke7 64. d6+ Kd7 65. Kxc3 Bf1 66. Kd4 Bxg2 67. Kc5 Bxh3 68. e6+ Kd8 69. e7+ Kd7 70. f6 Be6 71. Kd4 h3 72. Ke3 h2 73. Ke4 h1Q+ 0-1

[Event "Logumkloster-chB"]
[Site "Logumkloster"]
[Date "2009.05.05"]
[Round "3"]
[White "Baagoe, Hans Chr"]
[Black "Hansen, Hans Valdemar"]
[Result "1-0"]
[WhiteElo "1693"]
[BlackElo "1818"]
[PlyCount "105"]
[EventDate "2009.04.21"]
[EventType "tourn"]
[EventRounds "5"]
[EventCountry "DEN"]
[SourceTitle "EXT 2023"]
[Source "ChessBase"]
[SourceDate "2022.10.05"]
[SourceVersion "1"]
[SourceVersionDate "2022.10.05"]
[SourceQuality "1"]

1. d4 d5 2. h3 Bf5 3. Bf4 e6 4. a3 c5 5. Bxb8 Rxb8 6. e3 Qb6 7. dxc5 Qxb2 8. Nd2 Bxc2 9. Bb5+ Qxb5 10. Qxc2 Bxc5 11. Rb1 Qa5 12. a4 Bb4 13. Ngf3 Ne7 14. 0-0 0-0 15. Nb3 Qxa4 16. Ra1 Qb5 17. Rxa7 Nc6 18. Nbd4 Qc4 19. Qxc4 dxc4 20. Nxc6 bxc6 21. Ne5 c3 22. Nxc6 Rb6 23. Nxb4 Rxb4 24. Rc7 Rb3 25. Rc1 Rd8 26. R7xc3 Rxc3 27. Rxc3 Rd1+ 28. Kh2 g5 29. Kg3 Kg7 30. Rc4 Rd2 31. h4 h6 32. f3 f5 33. hxg5 hxg5 34. Rc3 Kg6 35. Rc8 Kf6 36. Rc5 Re2 37. Rc3 Ke5 38. f4+ gxf4+ 39. exf4+ Ke4 40. Rc6 Re3+ 41. Kf2 Kxf4 42. g3+ Rxg3 43. Rc4+ Ke5 44. Kxg3 Kd5 45. Ra4 e5 46. Kf3 Kc5 47. Ke3 Kd5 48. Ra5+ Ke6 49. Kf3 Kd6 50. Kg3 Ke6 51. Kh4 f4 52. Kg4 Kd6 53. Kf3 1-0

[Event "Logumkloster-ch Basis 1"]
[Site "Logumkloster"]
[Date "2008.04.29"]
[Round "3"]
[White "Hansen, Hans Valdemar"]
[Black "Jensen, Godtfred Sloth"]
[Result "0-1"]
[WhiteElo "1828"]
[BlackElo "1886"]
[PlyCount "42"]
[EventDate "2008.04.15"]
[EventType "tourn"]
[EventRounds "5"]
[EventCountry "DEN"]
[SourceTitle "EXT 2023"]
[Source "ChessBase"]
[SourceDate "2022.10.05"]
[SourceVersion "1"]
[SourceVersionDate "2022.10.05"]
[SourceQuality "1"]

1. d4 d5 2. c4 e6 3. e3 Nf6 4. Nc3 c6 5. a3 Nbd7 6. Nf3 Bd6 7. c5 Bb8 8. Bd3 e5 9. Bf5 e4 10. Nd2 Nxc5 11. Bxc8 Nd3+ 12. Ke2 Qxc8 13. b4 0-0 14. f3 Nxc1+ 15. Rxc1 exf3+ 16. gxf3 Re8 17. Qg1 Bf4 18. Nf1 Qe6 19. Kd2 Bh6 20. Re1 b6 21. Kd3 Qf5+ 0-1

[Event "Sonderjysk-chA"]
[Site "Agerskov"]
[Date "2007.09.23"]
[Round "5"]
[White "Hansen, Hans Valdemar"]
[Black "Bjornskov, Kai"]
[Result "0-1"]
[WhiteElo "1781"]
[BlackElo "2106"]
[PlyCount "44"]
[EventDate "2007.09.09"]
[EventType "tourn"]
[EventRounds "7"]
[EventCountry "DEN"]
[SourceTitle "EXT 2023"]
[Source "ChessBase"]
[SourceDate "2022.10.05"]
[SourceVersion "1"]
[SourceVersionDate "2022.10.05"]
[SourceQuality "1"]

1. d4 Nf6 2. c4 g6 3. Nc3 Bg7 4. e4 d6 5. f4 0-0 6. Nf3 c5 7. d5 e6 8. Bd3 exd5 9. cxd5 Na6 10. 0-0 Nc7 11. Re1 a6 12. a4 Rb8 13. Qe2 Re8 14. Qf1 Bg4 15. Nd2 Qe7 16. h3 Nfxd5 17. Nxd5 Nxd5 18. exd5 Bd4+ 19. Kh2 Qxe1 20. Qxe1 Rxe1 21. hxg4 Bg1+ 22. Kg3 Re3+ 0-1